| 000 | 00656cam a2200229 4500 | ||
|---|---|---|---|
| 008 | |||
| 049 | _aMAIN | ||
| 090 |
_aQK661 _bUNI |
||
| 110 | 1 |
_aUnited States. _bDept. of Agriculture. |
|
| 245 | 1 | 0 | _aSeeds. |
| 260 |
_aWashington : _b[U.S. Govt. Print. Off., _c1961] |
||
| 300 |
_axiv, 591 p. : _bill., 29 plates; _c24 cm. |
||
| 440 |
_aYearbook of Agriculture, _v1961. |
||
| 500 | _aIncludes index. | ||
| 504 | _aIncludes bibliographical references. | ||
| 650 | 2 | _aSeeds. | |
| 907 |
_a.b10006205 _b23-02-09 _c17-04-03 |
||
| 003 | |||
| 005 | 20230123133658.0 | ||
| 040 | _cNUST | ||
| 942 |
_cBOOKS _kQK661 _mUNI |
||
| 999 |
_c152758 _d152758 |
||